00271nam a2200121Ia 45000030006000000080041000060400015000471000027000622450011000892600020001005460012001200050017001320STCL150530s9999 xx 000 0 und d aSTCLcSTCL aJohn Addington Symonds aShelly bMacmillanc1918 aEnglish20220125170856.0